000 00676nam a2200265Ia 4500
008 181129s9999 xx 000 0 und d
020 _a9780531265642
050 _bG822 2011
100 _aGregory, Josh
245 4 _aThe revolutionary war :
245 0 _bbring history to life /
245 0 _cby Josh Gregory.
260 _aNew York, NY :
260 _bChildren's Press,
260 _c2011
300 _a64 pages :
300 _bcolor illustrations ;
300 _c22cm.
440 _aI cornerstones of freedom.
500 _a950L
650 _aUnites States --
650 _xHistory -- Revolution, 1775-1783.
700 _aSeries.
700 _aTitle.
999 _c359821
_d359821